Country focus (Record no. 84457)

MARC details
000 -LEADER
fixed length control field 00593cab a22001935a 4500
001 - CONTROL NUMBER
control field L157774
008 - FIXED-LENGTH DATA ELEMENTS--GENERAL INFORMATION
fixed length control field 130514e2013 xxk 000 0 eng d
035 ## - SYSTEM CONTROL NUMBER
System control number (Sirsi) u157774
041 0# - LANGUAGE CODE
Language code of text/sound track or separate title eng
100 1# - MAIN ENTRY--PERSONAL NAME
Personal name Robinson, Tim
245 00 - TITLE STATEMENT
Title Country focus
Remainder of title Hong Kong
260 ## - PUBLICATION, DISTRIBUTION, ETC.
Date of publication, distribution, etc. 2013
490 ## - SERIES STATEMENT
Series statement Building
Volume/sequential designation (278) 15 March 2013, 50-53(4)
520 ## - SUMMARY, ETC.
Summary, etc. Discusses the powerful position that Hong Kong finds itself in with reference to its infrastructure and the market demand for its real estate
651 #4 - SUBJECT ADDED ENTRY--GEOGRAPHIC NAME
Geographic name Asia
690 ## - LOCAL SUBJECT ADDED ENTRY--TOPICAL TERM (OCLC, RLIN)
Topical term or geographic name as entry element Constrcution
700 1# - ADDED ENTRY--PERSONAL NAME
Personal name Skalska-Burgess, Magda
942 ## - ADDED ENTRY ELEMENTS (KOHA)
Suppress in OPAC 0
Holdings
Withdrawn status Lost status Source of classification or shelving scheme Damaged status Not for loan Home library Current library Shelving location Date acquired Total Checkouts Full call number Barcode Date last seen Copy number Price effective from Koha item type
    Dewey Decimal Classification     London London Journal article 14/05/2013   L157774 157774-1001 06/08/2019 1 06/08/2019 Journal article